书目信息 |
| 题名: |
中草药实用大全
|
|
| 作者: | 李春深 编著 | |
| 分册: | ||
| 出版信息: | 天津 天津科学技术出版社 2020.6 |
|
| 页数: | 242页 | |
| 开本: | 22cm | |
| 丛书名: | ||
| 单 册: | ||
| 中图分类: | R282.7 | |
| 科图分类: | ||
| 主题词: | 中草药--基本知识 | |
| 电子资源: | ||
| ISBN: | 978-7-5576-3436-0 | |
| 000 | 00835nam0 2200241 45 | |
| 001 | 012001002066 | |
| 005 | 20140913100709.0 | |
| 010 | @a978-7-5576-3436-0@b精装@dCNY58.00 | |
| 100 | @a20180313d2018 em y0chiy50 ea | |
| 101 | 0 | @achi |
| 102 | @aCN@b120000 | |
| 105 | @aa z 000yy | |
| 106 | @ar | |
| 200 | 1 | @a中草药实用大全@Azhong cao yao shi yong da quan@b专著@f李春深编著 |
| 210 | @a天津@c天津科学技术出版社@d2020.6 | |
| 215 | @a242页@c图@d22cm | |
| 300 | @a家庭实用百科全书 养生大系 | |
| 330 | @a本书精选数百种常用中草药的来源、植物形态、采制、性味、功能主治等,进行分类编排,每种均附有植物彩色写真照片等。文字精炼,内容丰富,具有很好的实用性和普及性。 | |
| 606 | 0 | @a中草药@x基本知识 |
| 690 | @aR282.7@v5 | |
| 701 | 0 | @a李春深@Ali chun shen@4编著 |
| 801 | 0 | @aCN@bBJSDL@c20211011 |
| 905 | @b1338306-9@dR282.7@e582@f4 | |
| 中草药实用大全/李春深编著.-天津:天津科学技术出版社,2020.6 |
| 242页:图;22cm |
| 家庭实用百科全书 养生大系 |
| ISBN 978-7-5576-3436-0(精装):CNY58.00 |
| 本书精选数百种常用中草药的来源、植物形态、采制、性味、功能主治等,进行分类编排,每种均附有植物彩色写真照片等。文字精炼,内容丰富,具有很好的实用性和普及性。 |
| ● |
| 相关链接 |
|
|
|
|
正题名:中草药实用大全
索取号:R282.7/582
 
预约/预借
| 序号 | 登录号 | 条形码 | 馆藏地/架位号 | 状态 | 备注 |
| 1 | 1338306 | 213383060 | 第二样本阅览室/ [索取号:R282.7/582] | 在馆 | |
| 2 | 1338307 | 213383079 | 第三借阅区/ [索取号:R282.7/582] | 在馆 | |
| 3 | 1338308 | 213383088 | 第三借阅区/ [索取号:R282.7/582] | 在馆 | |
| 4 | 1338309 | 213383097 | 第三借阅区/ [索取号:R282.7/582] | 在馆 |